High school english grammar and composition (Record no. 543501)

000 -LEADER
fixed length control field 00436nam a22001577a 4500
082 ## - DEWEY DECIMAL CLASSIFICATION NUMBER
Classification number 425
Author Mark WRE
-- L-29 P-25.
100 ## - MAIN ENTRY--PERSONAL NAME
Personal name Wren, P.C.
9 (RLIN) 32403
245 ## - TITLE STATEMENT
Title High school english grammar and composition
Statement of responsibility, etc. P.C. Wren
250 ## - EDITION STATEMENT
Edition statement 55th ed.
260 ## - PUBLICATION, DISTRIBUTION, ETC.
Place of publication, distribution, etc. Bombay
Name of publisher, distributor, etc. Bombay k. & j. cooper
Date of publication, distribution, etc. 1963
300 ## - PHYSICAL DESCRIPTION
Extent xii, 652p. :
526 ## - STUDY PROGRAM INFORMATION NOTE
Program name 0
Interest level 0
Reading level 0
Title point value 425_000000000000000_WRE
650 ## - SUBJECT ADDED ENTRY--TOPICAL TERM
Topical term or geographic name entry element MCE
9 (RLIN) 379
700 ## - ADDED ENTRY--PERSONAL NAME
Personal name H. Martin
9 (RLIN) 38880
942 ## - ADDED ENTRY ELEMENTS (KOHA)
Source of classification or shelving scheme
Koha item type Book
Holdings
Withdrawn status Lost status Source of classification or shelving scheme Damaged status Not for loan Permanent Location Current Location Date acquired Total Checkouts Full call number Barcode Date last seen Date last checked out Price effective from Koha item type
          Military College of Engineering (MCE) Military College of Engineering (MCE) 03/26/2014 2 425 WRE MCE-2155 03/21/2019 02/25/2019 03/26/2014 Book
© 2023 Central Library, National University of Sciences and Technology. All Rights Reserved.